[Event "ch-UKR gU20"]
[Site "Lviv UKR"]
[Date "2007.02.04"]
[Round "3"]
[White "Moskalets,S"]
[Black "Maiko,A"]
[Result "1-0"]
[WhiteElo "2194"]
[BlackElo "2075"]

1.e4 e6 2.d4 d5 3.Nd2 Nc6 4.Ngf3 Nf6 5.e5 Nd7 6.c3 f6 7.Bb5 fxe5 8.dxe5 a6
9.Bxc6 bxc6 10.O-O c5 11.Qa4 a5 12.Qg4 Ra6 13.Re1 Qe7 14.Nf1 Qf7 15.Ng5 Qg6
16.h4 h5 17.Qa4 Be7 18.Ng3 Bb7 19.Ne2 Qf5 20.Ng3 Qg6 21.Qd1 Rb6 22.b3 Ba6
23.Nf3 c4 24.Bg5 Ba3 25.Rb1 Nc5 26.Be3 cxb3 27.axb3 Rb7 28.b4 axb4 29.Bxc5 Kd7
30.cxb4 Bb5 31.Nd4  1-0

[Event "FSGM February"]
[Site "Budapest HUN"]
[Date "2007.02.05"]
[Round "3"]
[White "Somborski,N"]
[Black "Rajlich,I"]
[Result "1/2-1/2"]
[WhiteElo "2362"]
[BlackElo "2428"]

1.e4 e6 2.d4 d5 3.Nd2 Be7 4.Bd3 c5 5.dxc5 Nf6 6.Qe2 O-O 7.Ngf3 a5 8.a4 Na6
9.e5 Nd7 10.Nb3 Ndxc5 11.Nxc5 Nxc5 12.Bb5 Bd7 13.O-O f6 14.Be3 Bxb5 15.Qxb5 Qd7
16.Qxd7 Nxd7 17.exf6 Bxf6 18.c3 Rfc8 19.Rfe1 Ra6 20.Ra3 Rd6 21.Rd1 e5 22.Kf1 b6
23.Rb3 Kf7 24.Rb5 Nc5 25.Bxc5 Rxc5 26.Nd2 Rxb5 27.axb5 Be7 28.Ke2 Ke6 29.b3 Rd8
30.f3 Bc5 31.Re1 Rd7 32.Kd3 g5 33.Re2 Kf5 34.Kc2 Bg1 35.c4 h5 36.g4+ Ke6
37.cxd5+ Kxd5 38.Ne4 Rc7+ 39.Kd3 hxg4 40.fxg4 Bd4 41.Nf6+ Ke6 42.Ne4 Kd5
43.Nf6+ Ke6 44.Ne4 Rc1 45.Nxg5+ Kd5 46.Ne4 Rb1 47.Kc2 Ra1 48.g5 a4 49.bxa4 Ra2+
50.Kd3 Ra3+ 51.Kc2 Ra2+ 52.Kd3 Ra3+  1/2-1/2

[Event "FSIMB February"]
[Site "Budapest HUN"]
[Date "2007.02.05"]
[Round "3"]
[White "Weiler,W"]
[Black "Toth,E"]
[Result "1/2-1/2"]
[WhiteElo "2149"]
[BlackElo "2283"]

1.e4 e6 2.d4 d5 3.Nd2 Be7 4.Ngf3 Nf6 5.e5 Nfd7 6.Bd3 c5 7.c3 Nc6 8.O-O g5
9.dxc5 Ndxe5 10.Bb5 Bd7 11.Nb3 a6 12.Be2 Nxf3+ 13.Bxf3 O-O 14.h4 Ne5 15.hxg5 Bxg5
16.Bxg5 Qxg5 17.Bxd5 Bb5 18.Bxb7 Rab8 19.f4 Qg3 20.Qe1 Qxe1 21.Rfxe1 Nd3
22.c6 Nxe1 23.Rxe1 Kg7 24.Nc5 Bxc6 25.Bxc6 Rxb2 26.Nxa6 Rxa2 27.Nb4 Rd2 28.Re3 Kf6
29.Be4 Rg8 30.Kh2 h5 31.Rg3 Rc8 32.Nc6 Re2 33.Na7 Rc5 34.Bf3 Re3 35.Rh3 Kg6
36.c4 Kf6 37.Rxh5 Rxc4 38.Kg3  1/2-1/2

[Event "ch-UKR gU20"]
[Site "Lviv UKR"]
[Date "2007.02.06"]
[Round "5"]
[White "Choba,Y"]
[Black "Maiko,A"]
[Result "0-1"]
[WhiteElo "1815"]
[BlackElo "2075"]

1.e4 e6 2.d4 d5 3.Nd2 Nc6 4.Ngf3 Nf6 5.e5 Nd7 6.c3 f6 7.Bb5 fxe5 8.dxe5 a6
9.Bxc6 bxc6 10.Qa4 Nc5 11.Qg4 Nd3+ 12.Ke2 Nxc1+ 13.Rhxc1 c5 14.Kf1 Qd7 15.Kg1 Qf7
16.b4 Be7 17.Nb3 h5 18.Qg3 c4 19.Nbd4 Bd7 20.h4 a5 21.b5 a4 22.Rab1 Bc5 23.Ng5 Qg6
24.Qf4 Rf8 25.Qd2 Rb8 26.Ngf3 Qg4 27.Qg5 Qxg5 28.hxg5 Rf4 29.Ne2 Rg4 30.Ned4 Bxd4
31.Nxd4 Rxg5 32.Re1 Rb6 33.Rb4 a3 34.Kh2 Rg4 35.f3 Rf4 36.g3 Rf7 37.f4 h4
38.Kh3 hxg3 39.Kxg3 Ke7 40.Reb1 Rf8 41.Kg4 Kf7 42.Kg3 Rh8 43.Ra4 c5 44.Nc2 Rxb5
45.Rxb5 Bxb5 46.Rxa3 Rh1 47.Kg2 Rc1 48.Ne3 d4 49.cxd4 cxd4 50.Ng4 c3 51.Ra5 c2
52.Ra7+ Kg6 53.Rc7 d3 54.Ne3 d2  0-1

[Event "Zima Rating Tournament"]
[Site "St Petersburg RUS"]
[Date "2007.02.07"]
[Round "8"]
[White "Bragina,A"]
[Black "Plotnikov,Vit"]
[Result "1-0"]
[WhiteElo "2052"]
[BlackElo "2139"]

1.e4 e6 2.d4 d5 3.Nd2 Be7 4.c3 Nd7 5.Bd3 dxe4 6.Nxe4 Ngf6 7.Ne2 b6 8.O-O Bb7
9.f3 O-O 10.Kh1 c5 11.Bg5 cxd4 12.Nxf6+ Bxf6 13.Bxf6 Qxf6 14.Be4 d3 15.Bxb7 dxe2
16.Qxe2 Rad8 17.Rad1 Nc5 18.Bc6 Qe7 19.f4 Rd6 20.Bf3 Rfd8 21.Rxd6 Qxd6 22.b4 Nd3
23.Rd1 Kf8 24.g3 Ke7 25.Kg2 f5 26.Qe3 g5 27.fxg5 f4 28.Qe4 Kf8 29.Qxh7  1-0

[Event "ch-CHI FENACH"]
[Site "Santiago CHI"]
[Date "2007.02.10"]
[Round "8"]
[White "Calvo,P"]
[Black "Riffo,E"]
[Result "1-0"]
[WhiteElo "2254"]
[BlackElo "2279"]

1.e4 e6 2.d4 d5 3.Nd2 Be7 4.Bd3 Nh6 5.Ngf3 O-O 6.O-O b6 7.Re1 Ba6 8.c4 Nd7
9.Qc2 dxc4 10.Nxc4 Re8 11.Bf4 Nf8 12.Rac1 Ng6 13.Bg3 Bb7 14.Ne3 Bd6 15.a3 Rc8
16.e5 Be7 17.Be4 Bxe4 18.Qxe4 c5 19.d5 exd5 20.Nxd5 Qd7 21.Rcd1 Qe6 22.h4 Nf8
23.Bf4 Qg6 24.Qa4 Nf5 25.Qxa7 Bxh4 26.Qxb6 Ne6 27.Nxh4 Nxh4 28.Bg3 Nf5 29.Qb3 Rb8
30.Qc3 h5 31.b4 h4 32.Bh2 cxb4 33.axb4 Qg4 34.Qd3 Nfd4 35.Re4  1-0

[Event "TCh-BEL 2006-7"]
[Site "Belgium BEL"]
[Date "2007.02.11"]
[Round "8"]
[White "Saiboulatov,D"]
[Black "Zaragatski,I"]
[Result "0-1"]
[WhiteElo "2413"]
[BlackElo "2445"]

1.e4 e6 2.d4 d5 3.Nd2 Nc6 4.Ngf3 Nf6 5.e5 Nd7 6.Be2 Be7 7.Nf1 f6 8.exf6 Nxf6
9.Ne3 O-O 10.O-O Bd6 11.c4 b6 12.b3 Ne7 13.Bb2 Bb7 14.Ne5 c5 15.cxd5 Bxe5
16.dxe5 Nfxd5 17.Bc4 Kh8 18.Re1 Qe8 19.Bf1 Qf7 20.Qc2 Nb4 21.Qe2 Ba6 22.Nc4 Bxc4
23.bxc4 Nd3 24.Red1 Nxf2 25.Rd2 Qg6 26.Qe3 Ng4 27.Qh3 Nf5 28.Re1 Rad8 29.Bd3 Qh6
30.Qxh6 Ngxh6 31.Bc1 Rd4 32.Bf1 Rfd8 33.Rxd4 Nxd4 34.Bg5 Rd7 35.a4 Nhf5 36.a5 h6
37.Bf4 g5 38.Bd2 Nb3 39.Bc3 bxa5 40.Rb1 a4 41.Kf2 Nd2 42.Rb8+ Kg7 43.Bxd2 Rxd2+
44.Ke1 Ra2 45.g4 Nd4 46.Rb7+ Kf8 47.Rxa7 a3  0-1

[Event "TCh-FRA Top 16 GpB"]
[Site "Chalons en Champagne FRA"]
[Date "2007.02.11"]
[Round "3"]
[White "Hamdouchi,H"]
[Black "Legky,N"]
[Result "1/2-1/2"]
[WhiteElo "2602"]
[BlackElo "2461"]

1.e4 e6 2.d4 d5 3.Nd2 a6 4.c3 c5 5.Bd3 cxd4 6.cxd4 dxe4 7.Nxe4 Nc6 8.Nf3 Be7
9.O-O Nf6 10.a3 b6 11.Nxf6+ Bxf6 12.Be4 Bb7 13.Qd3 Qd7 14.d5 exd5 15.Bf5 Qd6
16.Re1+ Kf8 17.Bxh7 Rd8  1/2-1/2

[Event "OCF Winter NAO FIDE Op"]
[Site "Stillwater USA"]
[Date "2007.02.18"]
[Round "3"]
[White "Nugent,M"]
[Black "Abrahamyan,T"]
[Result "0-1"]
[WhiteElo "1881"]
[BlackElo "2295"]

1.e4 e6 2.d4 d5 3.Nd2 Be7 4.c3 c5 5.Bd3 Nf6 6.e5 Nfd7 7.Ne2 Nc6 8.Nf3 a5
9.O-O b6 10.Qa4 Qc7 11.b4 cxb4 12.cxb4 Nxb4 13.Bb1 Ba6 14.Qd1 Rc8 15.a3 Nc6
16.Re1 O-O 17.Nf4 Bc4 18.Qc2 g6 19.Qd2 Rfe8 20.Nh5 f5 21.Nf4 Nf8 22.Nh3 a4
23.Qd1 Na5 24.Bg5 Bb3 25.Qe2 Qc3 26.Bd3 Bc4 27.Rec1 Bxd3 28.Rxc3 Bxe2 29.Rxc8 Rxc8
30.Bxe7 Nb3 31.Re1 Bxf3 32.gxf3 Nxd4 33.Kg2 Kf7 34.Bd6 h6 35.Nf4 Rc3 36.Rb1 Nb3
37.Bb4 Rc4 38.Bxf8 Rxf4 39.Bd6 Rxf3 40.Rb2 Rc3 41.Bb4 Rc4 42.f3 d4 43.Kf2 d3
44.Ke3 Rc2 45.Rb1 d2 46.Bxd2 Nxd2 47.Kd3 Nxb1  0-1

[Event "Masters"]
[Site "Bunratty IRL"]
[Date "2007.02.24"]
[Round "2"]
[White "Van Lanen,A"]
[Black "Heidenfeld,M"]
[Result "1/2-1/2"]
[WhiteElo "2156"]
[BlackElo "2358"]

1.e4 e6 2.d4 d5 3.Nd2 Be7 4.exd5 exd5 5.Bd3 Nf6 6.h3 c5 7.dxc5 a5 8.Ngf3 Nbd7
9.O-O Nxc5 10.Bb5+ Bd7 11.Bxd7+ Qxd7 12.Nb3 O-O 13.Be3 Rfc8 14.Bxc5 Bxc5
15.a4 b5 16.Ne5 Qb7 17.Qd3 Bd6 18.Nf3 bxa4 19.Rxa4 Qc6 20.Rxa5 Rxa5 21.Nxa5 Qxc2
22.Qa6  1/2-1/2

[Event "Masters"]
[Site "Bunratty IRL"]
[Date "2007.02.24"]
[Round "3"]
[White "Wolferink,F"]
[Black "Heidenfeld,M"]
[Result "0-1"]
[WhiteElo "2149"]
[BlackElo "2358"]

1.e4 e6 2.d4 d5 3.Nd2 Be7 4.Ngf3 Nf6 5.Bd3 c5 6.e5 Nfd7 7.c3 Nc6 8.O-O Qb6
9.Qa4 O-O 10.Re1 Qc7 11.a3 c4 12.Bb1 g6 13.Qd1 f5 14.Nf1 b5 15.Bh6 Re8 16.h4 a5
17.g4 fxg4 18.Ng5 Bf8 19.Bxf8 Nxf8 20.Qxg4 Qg7 21.Ng3 h6 22.Nh3 h5 23.Qg5 Ne7
24.Nf4 Nh7 25.Nfxh5 Nxg5 26.Nxg7 Nf3+  0-1

[Event "Masters"]
[Site "Bunratty IRL"]
[Date "2007.02.25"]
[Round "5"]
[White "Van Lanen,A"]
[Black "Pert,N"]
[Result "1/2-1/2"]
[WhiteElo "2156"]
[BlackElo "2518"]

1.e4 e6 2.d4 d5 3.Nd2 Be7 4.exd5 exd5 5.Bd3 Nf6 6.h3 O-O 7.Ngf3 Nc6 8.c3 Bd6
9.O-O Ne7 10.Re1 Bf5 11.Qc2 Bxd3 12.Qxd3 Ng6 13.Ne5 Re8 14.Ndf3 Ne4 15.Nxg6 hxg6
16.Be3 c6 17.c4 dxc4 18.Qxc4 Qa5 19.Red1 Nf6 20.Rab1 Qf5 21.Qd3 Nd5 22.Qxf5 gxf5
23.Bd2 a5 24.Kf1 Re4 25.Re1 f6 26.Re2 Bb4 27.Rbe1 Rae8 28.Bxb4 Nxb4 29.Nd2 Rxe2
30.Rxe2 Rd8 31.Nc4 a4 32.Re7 b5 33.Ne3 Kf8 34.Rc7 f4 35.Nf5 Nxa2 36.Nxg7 Rd6
37.h4  1/2-1/2

[Event "4NCL 2006-07"]
[Site "Wokefield Park ENG"]
[Date "2007.03.03"]
[Round "7"]
[White "Pert,N"]
[Black "Redmond,J"]
[Result "1-0"]
[WhiteElo "2518"]
[BlackElo "2226"]

1.d4 e6 2.e4 d5 3.Nd2 Be7 4.Ngf3 Nf6 5.e5 Nfd7 6.Bd3 c5 7.c3 Nc6 8.O-O a5
9.Re1 cxd4 10.cxd4 Qb6 11.Nb1 Nxd4 12.Nxd4 Qxd4 13.Nc3 Bc5 14.Be3 Qh4 15.Bxc5 Nxc5
16.Bb5+ Bd7 17.Nxd5 O-O 18.Bxd7 Nxd7 19.g3 Qd8 20.Nf4 Nc5 21.Qg4 Kh8 22.Rad1 Qb6
23.Nh5 Rg8 24.Qh4 Qb4 25.Qe7 Rac8 26.a3 Qxb2 27.Nxg7 Rxg7 28.Rd8+ Rxd8 29.Qxd8+ Rg8
30.Qf6+ Rg7 31.Rd1 Nd3 32.Qd8+ Rg8 33.Qxd3 Qxe5 34.Qf3 f5 35.Qxb7 Rb8 36.Qc6 f4
37.Rd7 fxg3 38.hxg3 Rf8 39.Qc2 Qh5 40.Qc3+ e5 41.Rd5 Qf3 42.Qxe5+ Rf6 43.Rd8+ Kg7
44.Qg5+ Rg6 45.Rd7+ Kg8 46.Qd8+ Qf8 47.Qxa5 Rd6 48.Qg5+ Kh8 49.Qe5+ Rf6 50.Qd4  1-0

[Event "FSIM March"]
[Site "Budapest HUN"]
[Date "2007.03.04"]
[Round "2"]
[White "Okara,A"]
[Black "Werner,Di"]
[Result "1/2-1/2"]
[WhiteElo "2358"]
[BlackElo "2353"]

1.e4 e6 2.d4 d5 3.Nd2 Be7 4.e5 c5 5.Qg4 g6 6.dxc5 Nd7 7.Ngf3 Nxc5 8.Nb3 Bd7
9.Nxc5 Bxc5 10.Bd3 Qb6 11.O-O Bb5 12.b4 Bf8 13.Be3 Qa6 14.Bxb5+ Qxb5 15.Nd4 Qc4
16.a4 Bg7 17.f4 Ne7 18.Qe2 Qxe2  1/2-1/2

[Event "4NCL 2006-07"]
[Site "Wokefield Park ENG"]
[Date "2007.03.04"]
[Round "8"]
[White "Ferguson,M"]
[Black "Pert,N"]
[Result "1/2-1/2"]
[WhiteElo "2403"]
[BlackElo "2518"]

1.e4 e6 2.d4 d5 3.Nd2 Be7 4.e5 c5 5.Qg4 Kf8 6.dxc5 Nd7 7.Ndf3 Nxc5 8.Nh3 f5
9.exf6 gxf6 10.Qh4 e5 11.g4 h5 12.gxh5 Qd7  1/2-1/2

[Event "FSGM March"]
[Site "Budapest HUN"]
[Date "2007.03.05"]
[Round "3"]
[White "Caruana,F"]
[Black "Farago,I"]
[Result "1/2-1/2"]
[WhiteElo "2492"]
[BlackElo "2531"]

1.e4 e6 2.d4 d5 3.Nd2 Be7 4.Ngf3 Nf6 5.e5 Nfd7 6.Bd3 c5 7.c3 b6 8.Qe2 a5
9.c4 Nc6 10.cxd5 exd5 11.O-O Nf8 12.dxc5 bxc5 13.Rd1 Ne6 14.Nf1 Ned4 15.Nxd4 Nxd4
16.Qe3 Bg4 17.Re1 Bh5 18.Qh3 Bg6 19.Bxg6 fxg6 20.Rd1 O-O 21.Qd3 Qc7 22.Be3 Qxe5
23.Bxd4 cxd4 24.Nd2 Bf6 25.Nf3 Qe4 26.Nxd4 Qxd3 27.Rxd3 Rfe8 28.b3 a4 29.Rad1  1/2-1/2

[Event "FSGM March"]
[Site "Budapest HUN"]
[Date "2007.03.07"]
[Round "5"]
[White "Potapov,P"]
[Black "Toth,E"]
[Result "1/2-1/2"]
[WhiteElo "2380"]
[BlackElo "2283"]

1.e4 e6 2.d4 d5 3.Nd2 Be7 4.Ngf3 c5 5.exd5 exd5 6.dxc5 Bxc5 7.Bb5+ Nc6 8.O-O Ne7
9.Nb3 Bd6 10.Bg5 O-O 11.c3 Qc7 12.h3 h6 13.Be3 Bf5 14.Nbd4 Be4 15.Bd3 Bxd3
16.Qxd3 a6 17.Rad1 Rfd8 18.Rfe1 Rac8 19.Nh4 Be5 20.Nxc6 Nxc6 21.Nf5 Bf6 22.Qe2 Ne7
23.Ng3 Ng6 24.Qg4 Qd7 25.Nf5 Rc4 26.Bd4 Rc6 27.Bxf6 Rxf6 28.Re5 Re6 29.Rde1 Rxe5
30.Rxe5 h5 31.Qg3 f6 32.Rxd5 Qxd5 33.Qxg6 Qd7 34.h4 Kf8 35.Kh2 Qc7+ 36.Ng3 Qf7
37.Qh7 g6 38.Qh8+ Ke7 39.Qh6 Qc4 40.Qh7+ Kd6 41.Qxg6 Qxh4+ 42.Kg1 Kc7 43.Qxh5 Qxh5
44.Nxh5 Rd2 45.b4 Rxa2 46.Nxf6 b6 47.g4 Kd6 48.f4 a5 49.bxa5 bxa5 50.f5 a4
51.Ne4+ Ke7 52.g5 Re2 53.f6+ Kf8 54.Nc5 a3 55.g6 a2  1/2-1/2

[Event "Eastern Class Championships"]
[Site "Sturbridge USA"]
[Date "2007.03.10"]
[Round "3"]
[White "Bournival,B"]
[Black "Ibragimov,I"]
[Result "1/2-1/2"]
[WhiteElo "2241"]
[BlackElo "2602"]

1.e4 e6 2.d4 d5 3.Nd2 a6 4.Ngf3 c5 5.exd5 exd5 6.dxc5 Bxc5 7.Bd3 Nf6 8.O-O O-O
9.h3 Nc6 10.Nb3 Bb6 11.Re1 Ne4 12.Be3 Bf5 13.Nbd4 Bg6 14.Nxc6 bxc6 15.Ne5 Bxe3
16.Rxe3 Re8 17.Nxg6 hxg6 18.Bxe4 Rxe4 19.Rxe4 dxe4 20.Qe2 Qf6 21.c3 Qe6 22.Re1  1/2-1/2

[Event "Eastern Class Championships"]
[Site "Sturbridge USA"]
[Date "2007.03.11"]
[Round "5"]
[White "Kudrin,S"]
[Black "Cherniack,A"]
[Result "1-0"]
[WhiteElo "2543"]
[BlackElo "2246"]

1.e4 e6 2.d4 d5 3.Nd2 Be7 4.Bd3 dxe4 5.Nxe4 Nf6 6.Nf3 Nbd7 7.Qe2 b6 8.Neg5 Bb7
9.Nxf7 Kxf7 10.Ng5+ Ke8 11.Nxe6 Qc8 12.Nxg7+ Kf7 13.Qe6+ Kxg7 14.Qxe7+ Kg8
15.Bc4+ Bd5 16.Bxd5+ Nxd5 17.Qe6+ Kg7 18.Bh6+  1-0

[Event "39th WGM"]
[Site "Belgrade/Lazarevac SRB"]
[Date "2007.03.12"]
[Round "8"]
[White "Petrenko,S"]
[Black "Vojinovic,J"]
[Result "1/2-1/2"]
[WhiteElo "2319"]
[BlackElo "2151"]

1.e4 e6 2.d4 d5 3.Nd2 Be7 4.Bd3 c5 5.dxc5 Nf6 6.Qe2 Nc6 7.Ngf3 Nb4 8.O-O O-O
9.Nb3 a5 10.a4 b6 11.e5 Nd7 12.cxb6 Nxd3 13.cxd3 Qxb6 14.Nbd4 Ba6 15.Be3 Nc5
16.Ra3 Rfb8 17.Rb1 Qb7 18.Ne1 Qd7 19.Qd1 Rb4 20.b3 Rab8 21.f4 Nxd3 22.Nxd3 Rxd4
23.Bxd4 Bxa3 24.Nc5 Qc6 25.Nxa6 Qxa6 26.h3 g6 27.Ra1 Bb4 28.Rc1 Rc8 29.Rc2 Ba3
30.Qd2 Qb7 31.Kh2 Bb4 32.Qc1 Rxc2 33.Qxc2 Qa6 34.Kg1 Qb7 35.Kf2 h5 36.g4 Qe7
37.Qc8+ Kg7 38.g5 Ba3 39.Qc3 Qb7 40.Ke2 Bb4 41.Qc2 Qa6+ 42.Kf2 Qb7 43.Ke2 Qa6+
44.Kf2 Qb7 45.Ke2  1/2-1/2

[Event "ch-SRB"]
[Site "Vrsac SRB"]
[Date "2007.03.16"]
[Round "12"]
[White "Perunovic,Mil"]
[Black "Stojanovic,Mih"]
[Result "1/2-1/2"]
[WhiteElo "2547"]
[BlackElo "2576"]

1.e4 e6 2.d4 d5 3.Nd2 a6 4.Ngf3 c5 5.exd5 exd5 6.Be2 c4 7.b3 cxb3 8.axb3 Nc6
9.O-O Bd6 10.c4 Nge7 11.Bb2 O-O  1/2-1/2

[Event "Bundesliga 2006-7"]
[Site "Solingen GER"]
[Date "2007.03.17"]
[Round "12"]
[White "Holzke,F"]
[Black "Paehtz,E"]
[Result "1-0"]
[WhiteElo "2467"]
[BlackElo "2451"]

1.e4 e6 2.d4 d5 3.Nd2 Be7 4.Bd3 c5 5.dxc5 Nf6 6.Qe2 O-O 7.Ngf3 a5 8.O-O Na6
9.e5 Nd7 10.c3 Naxc5 11.Bc2 Qc7 12.Nb3 b6 13.Re1 Ba6 14.Qd1 Qb7 15.Nbd4 Ne4
16.Nd2 Ndc5 17.Nxe4 dxe4 18.b4 axb4 19.cxb4 Nd3 20.b5 Qd5 21.Rxe4 Qxe4 22.Bxd3 Qxd4
23.Bxh7+ Kxh7 24.Qxd4 Rad8 25.Qe4+ Kg8 26.Qg4 Bxb5 27.Bh6 g6 28.Bxf8 Bxf8
29.Rb1 Rd5 30.a4 Bd3 31.Rxb6 Rxe5 32.h3 Bc5 33.Rb8+ Kg7 34.Rd8 Ba6 35.Qg3 Rf5
36.Qc3+ Kh6 37.Qh8+ Kg5 38.h4+ Kg4 39.Rd4+ Bxd4 40.Qxd4+ Rf4 41.f3+  1-0

[Event "Bundesliga 2006-7"]
[Site "Bindlach GER"]
[Date "2007.03.18"]
[Round "13"]
[White "Baklan,V"]
[Black "Cvek,R"]
[Result "1-0"]
[WhiteElo "2618"]
[BlackElo "2530"]

1.e4 e6 2.d4 d5 3.Nd2 Be7 4.Bd3 c5 5.dxc5 Nf6 6.Qe2 O-O 7.Ngf3 a5 8.O-O Na6
9.e5 Nd7 10.Nd4 Ndxc5 11.f4 Nb4 12.N2f3 Nbxd3 13.cxd3 Qb6 14.Be3 Qa6 15.Rad1 Bd7
16.g4 Rac8 17.Kh1 f6 18.f5 exf5 19.gxf5 fxe5 20.Nxe5 Bf6 21.Nxd7 Nxd7 22.Ne6 Rfe8
23.Qg2 Nf8 24.Bg5 Bxg5 25.Nxg5 Red8 26.f6 gxf6 27.Nxh7+  1-0

[Event "31st Conference"]
[Site "Blackpool ENG"]
[Date "2007.03.18"]
[Round "4"]
[White "Pym,T"]
[Black "Blackburn,J"]
[Result "0-1"]
[WhiteElo "2053"]
[BlackElo "2206"]

1.e4 e6 2.d4 d5 3.Nd2 Be7 4.c3 c5 5.dxc5 Bxc5 6.Nb3 Bb6 7.exd5 Nf6 8.Nf3 O-O
9.Bd3 Qxd5 10.O-O Rd8 11.Bc2 Qh5 12.Qe2 Nc6 13.Bg5 e5 14.Bxf6 gxf6 15.h3 Be6
16.Rfe1 Qh6 17.Rad1 Kh8 18.Rxd8+ Rxd8 19.Be4 Ne7 20.Bxb7 Ng6 21.Kh2 Nf4 22.Qf1 Rg8
23.Ng1 e4 24.Bxe4 Nxh3 25.gxh3 Qf4+ 26.Kh1 Bxf2 27.Bg2 Rxg2 28.Qxg2 Bxe1
29.Nd4 Bc4 30.Qa8+ Kg7 31.Qg2+ Kh6 32.Qc6 Bd3 33.Qg2 Bf2 34.Ndf3 Qe3 35.Nh2 f5
36.Qc6+ Kg7 37.Qg2+ Bg3 38.Nhf3 f4 39.Ng5 h6 40.Nxf7 Be4  0-1

[Event "Bundesliga 2006-7"]
[Site "Hamburg GER"]
[Date "2007.03.18"]
[Round "13"]
[White "Sebastian,D"]
[Black "Polaczek,R"]
[Result "1-0"]
[WhiteElo "2384"]
[BlackElo "2423"]

1.e4 e6 2.d4 d5 3.Nd2 Nc6 4.Ngf3 Nf6 5.e5 Nd7 6.Nb3 a5 7.a4 Be7 8.Bd3 b6
9.c3 Ncb8 10.h4 Ba6 11.Ng5 Bxd3 12.Qxd3 c5 13.Qf3 Bxg5 14.Bxg5 Qc7 15.h5 Nc6
16.h6 g6 17.O-O c4 18.Nd2 f5 19.exf6 O-O 20.g4 Nd8 21.Bf4 Qc6 22.g5 Nf7 23.Rfe1 Rfe8
24.Qg3 b5 25.axb5 Qxb5 26.Rab1 Ra6 27.Nf1 a4 28.Ne3 Rea8 29.Nc2 Nf8 30.Nb4 R6a7
31.Bd6 Qd7 32.Bxf8 Kxf8 33.Re2 Re8 34.Rbe1 Nd6 35.Qe5 Nf7 36.Qf4 Raa8 37.Re3 Kg8
38.Qg4 Nd8 39.Re5 Ra5 40.f4 Rf8 41.Qh3 Qd6 42.Qe3 Qd7 43.Qg3 Qd6 44.Kg2 a3
45.bxa3 Rxa3 46.R1e3 Ra7 47.Kf3 Kh8 48.Qe1 Qd7 49.Kg3 Qd6 50.Rxe6 Nxe6 51.Rxe6 Ra1
52.Qe5  1-0

[Event "VIII Dos Hermanas Internet"]
[Site "ICC INT"]
[Date "2007.03.23"]
[Round "2.2"]
[White "Zhang Zhong"]
[Black "Shipov,S"]
[Result "0-1"]
[WhiteElo "2618"]
[BlackElo "2591"]

1.e4 e6 2.d4 d5 3.Nd2 a6 4.c3 c5 5.Ngf3 Nc6 6.dxc5 Bxc5 7.Bd3 Nf6 8.e5 Ng4
9.O-O Ngxe5 10.Nxe5 Nxe5 11.Bc2 Ng6 12.Nb3 Bb6 13.Kh1 O-O 14.f4 Qd6 15.Nd4 Bc7
16.Qh5 f5 17.Be3 Bd7 18.Rad1 Rae8 19.Bb3 Kh8 20.Nf3 Bd8 21.Ng5 Bxg5 22.Qxg5 Qe7
23.Qh5 Bb5 24.Rfe1 Qc7 25.Qf3 Bc6 26.Qf2 h6 27.Kg1 Kh7 28.Bc2 Rf7 29.h3 Kh8
30.Qg3 Ne7 31.Bd4 Ng8 32.Qg6 Nf6 33.Rf1 Rff8 34.Rd3 Qf7 35.Qxf7 Rxf7 36.Re3 Ne4
37.Be5 Bb5 38.Rd1 Rc8 39.g4 Kg8 40.gxf5 Rxf5 41.Bxe4 dxe4 42.Rxe4 Bc6 43.Re3 Rcf8
44.Rg3 R8f7 45.Kf2 Kh7 46.Ke3 g5 47.Ke2 gxf4  0-1

[Event "VIII Dos Hermanas Internet"]
[Site "ICC INT"]
[Date "2007.03.23"]
[Round "2.4"]
[White "Zhang Zhong"]
[Black "Shipov,S"]
[Result "0-1"]
[WhiteElo "2618"]
[BlackElo "2591"]

1.e4 e6 2.d4 d5 3.Nd2 Be7 4.e5 c5 5.Qg4 Kf8 6.dxc5 Nc6 7.Ngf3 h5 8.Qg3 Nh6
9.Bd3 h4 10.Qf4 g5 11.Qe3 Nf5 12.Bxf5 exf5 13.Nb3 f4 14.Qc3 h3 15.g3 d4 16.Nfxd4 Qd5
17.Qf3 Qxe5+ 18.Ne2 Bf5 19.gxf4 Qe6 20.Rg1 g4 21.Qe3 Qd5 22.Bd2 Re8 23.Qc3 Rh6
24.Be3 Bf6 25.Qd2 Qxd2+ 26.Nxd2 Nb4 27.O-O-O Bxc2 28.a3 Bxd1 29.Kxd1 Nd5
30.Nc4 Rh5 31.Bd2 Be7 32.b4 f5 33.Ng3 Rh7 34.Nxf5 Bf6 35.Rxg4 b6 36.Ncd6 Rd8
37.Kc2 bxc5 38.bxc5 Rc7 39.Ne4 Re8 40.f3 Be7 41.Bb4 Ra8 42.Kb3 a5 43.Bc3 Nxc3
44.Kxc3 Bxc5 45.Kd3 Bxa3 46.Rh4 Rd8+ 47.Ke3 Bc1+ 48.Kf2 Bb2 49.Kg3 a4  0-1

[Event "Agzamov Mem"]
[Site "Tashkent UZB"]
[Date "2007.03.23"]
[Round "9"]
[White "Khamrakulov,D"]
[Black "Saidov,B"]
[Result "1-0"]
[WhiteElo "2365"]
[BlackElo "2297"]

1.e4 e6 2.d4 d5 3.Nd2 Nc6 4.Ngf3 Nf6 5.exd5 exd5 6.c3 Bd6 7.Bd3 Qe7+ 8.Qe2 Qxe2+
9.Bxe2 Bf5 10.O-O O-O-O 11.Re1 Rhe8 12.Nf1 h6 13.Be3 Ne4 14.Nh4 Bd7 15.f3 Nf6
16.Bd3 Ne7 17.g3 g5 18.Ng2 Bf5 19.Be2 Nd7 20.b3 Bg6 21.Bd2 c5 22.dxc5 Nxc5
23.Be3 Nc6 24.Rad1 Bf8 25.Rd2 Ne6 26.Red1 Nc7 27.a4 d4 28.Bxd4 Nxd4 29.cxd4 Bb4
30.Nfe3 Bxd2 31.Rxd2 Nd5 32.Kf2 Nxe3 33.Nxe3 Re7 34.Bc4 h5 35.d5 Red7 36.Nd1 Kc7
37.Nc3 a6 38.Ke3 Kd6 39.Kd4 Re7 40.a5 Rde8 41.b4 g4 42.fxg4 hxg4 43.b5 axb5
44.Nxb5+ Kd7 45.d6 Re4+ 46.Kc5 R8e5+ 47.Bd5 Ra4 48.Kb6 Rb4 49.Kc5 Ra4 50.Kb6 Be4
51.Nc3  1-0

[Event "zt 2.5 m"]
[Site "San Luis ARG"]
[Date "2007.03.24"]
[Round "8"]
[White "Mareco,S"]
[Black "Lemos,D"]
[Result "1/2-1/2"]
[WhiteElo "2356"]
[BlackElo "2439"]

1.e4 e6 2.d4 d5 3.Nd2 Be7 4.Bd3 c5 5.dxc5 Nf6 6.exd5 Qxd5 7.Ngf3 Nbd7 8.O-O Nxc5
9.Bc4 Qd6 10.Qe2 O-O 11.Nb3 b6 12.Be3 Bb7 13.Nxc5 bxc5 14.Bg5 h6 15.Rad1 Qb8
16.Bh4 Bxf3 17.Qxf3 Qxb2 18.Bb3 c4 19.Bxc4 Qxc2 20.Bb3 Qc7 21.Rc1 Qb6 22.Rc6 Qd4
23.Bg3 Rac8 24.Rfc1 Rxc6 25.Qxc6 Qb6 26.Qa4 Nd5 27.h4 a5 28.Qe4 Bd6 29.Bxd6 Qxd6
30.Rd1 Rd8 31.Bc2 Kf8 32.Bb3 Kg8 33.Bc2 Kf8 34.Bb3  1/2-1/2

[Event "Vladimir Zak mem"]
[Site "St Petersburg RUS"]
[Date "2007.03.25"]
[Round "2"]
[White "Bragina,A"]
[Black "Chernenko,I"]
[Result "1/2-1/2"]
[WhiteElo "2052"]
[BlackElo "1734"]

1.e4 e6 2.d4 d5 3.Nd2 Nc6 4.c3 e5 5.Bb5 exd4 6.Ne2 dxc3 7.Nxc3 dxe4 8.O-O Nf6
9.Qc2 Be7 10.Ncxe4 O-O 11.Bxc6 bxc6 12.Rd1 Qd5 13.Nxf6+ Bxf6 14.Ne4 Qe6 15.Be3 Re8
16.Nxf6+ Qxf6 17.Rac1 Bf5 18.Qxc6 Qxb2 19.Rd2 Qe5 20.Rd5 Qe6 21.Qc5 Be4 22.Rd2 Qg6
23.f4 c6 24.Rf1 Qf5 25.Qc3 Bd5 26.Bd4 f6 27.Qg3 Re7 28.Qf2 a6 29.Re2 Rae8
30.Rxe7 Rxe7 31.Re1 Re4 32.g3 Qe6 33.Rxe4 Qxe4 34.Kf1 Qb1+ 35.Qe1 Bxa2 36.Qxb1 Bxb1
37.Ke2 Kf7 38.g4 Ke6 39.g5 fxg5 40.fxg5 g6 41.Kd2 Kd5 42.Kc3 a5 43.Bb6 a4
44.Kb4 Bc2 45.Kc3 Bd1 46.Kb4 Ke4 47.Bc5 Kd3 48.Be7 Kd4 49.Bc5+ Kd3 50.Bd6 Kd2
51.Bf4+ Kd3 52.Bd6 Bb3 53.Bc5 Kc2 54.Bd6 Kb2 55.Be5+ Ka2 56.Bd6 a3 57.Kc3 Bd5
58.Bc5  1/2-1/2

[Event "Spring Open"]
[Site "Belgrade SRB"]
[Date "2007.03.27"]
[Round "2"]
[White "Kerecki,L"]
[Black "Mihic,B"]
[Result "0-1"]
[WhiteElo "2119"]
[BlackElo "2369"]

1.e4 e6 2.d4 d5 3.Nd2 Be7 4.e5 c5 5.c3 Nc6 6.Ndf3 Qb6 7.Ne2 f6 8.exf6 Nxf6
9.g3 cxd4 10.Nexd4 Nxd4 11.Nxd4 e5 12.Nb3 Ng4 13.Qe2 O-O 14.f3 Nf6 15.Bg2 Bd7
16.Be3 d4 17.Bf2 Bb5 18.Qxe5 Bd6 19.Qg5 Rfe8+ 20.Kd1 h6 21.Qg6 Ba4 22.Bf1 Bxb3+
23.axb3 Qxb3+ 24.Qc2 Qb6 25.Bc4+ Kh8 26.Bxd4 Bc5 27.Bxf6 Qxf6 28.f4 Rad8+
29.Kc1 Be3+ 30.Kb1 Qc6  0-1

[Event "Spring Open"]
[Site "Belgrade SRB"]
[Date "2007.03.29"]
[Round "4"]
[White "Kerecki,L"]
[Black "Skare,G"]
[Result "0-1"]
[WhiteElo "2119"]
[BlackElo "2295"]

1.e4 e6 2.d4 d5 3.Nd2 a6 4.e5 c5 5.c3 Nc6 6.Ne2 f6 7.f4 cxd4 8.cxd4 fxe5
9.fxe5 Nxd4 10.Qa4+ Nc6 11.Nf3 Qa5+ 12.Qxa5 Nxa5 13.Be3 Ne7 14.b3 Nac6 15.Ned4 Bd7
16.Bd3 g6 17.g4 Bg7 18.Bf4 O-O 19.Bg3 Nxd4 20.Nxd4 Rac8 21.Ke2 Nc6 22.Nxc6 Bxc6
23.h4 Bb5 24.Bxb5 axb5 25.Rac1 Ra8 26.Rc2 Ra3 27.Rh2 h5 28.g5 Rfa8 29.Kd3 R3a6
30.Kd4 Rf8 31.Rhg2 Rf3 32.Rc8+ Bf8 33.Rf2 Rxf2 34.Bxf2 Rxa2 35.Be1 Re2 36.Bb4 Re4+
37.Kc3 Rxb4 38.Rxf8+ Kxf8 39.Kxb4 d4 40.Ka3  0-1

[Event "Spring Open"]
[Site "Belgrade SRB"]
[Date "2007.03.31"]
[Round "6"]
[White "Bogavac,M"]
[Black "Brakus,D"]
[Result "1-0"]
[WhiteElo "1876"]
[BlackElo "2024"]

1.e4 e6 2.d4 d5 3.Nd2 Nc6 4.Ngf3 Nf6 5.e5 Nd7 6.c3 f6 7.exf6 Qxf6 8.Bd3 Bd6
9.O-O Nf8 10.Re1 Bd7 11.Nb3 h6 12.c4 dxc4 13.Bxc4 O-O-O 14.Be3 Nb4 15.Bd2 Nd5
16.Qc2 g5 17.Nc5 g4 18.Ne5 Bxe5 19.Rxe5 c6 20.Qb3 b6 21.Ba6+ Kb8 22.Qg3 Nc7
23.Ne4 Qe7 24.Rc1 Ng6 25.Rh5 e5 26.Bd3 exd4 27.Rxh6 Rxh6 28.Bxh6 Qe5 29.Ng5 Qxg3
30.hxg3 Ne5 31.Be4 Rg8 32.Bh7 Re8 33.Bg7 c5 34.Re1 Nc4 35.Rxe8+ Nxe8 36.Bf8 Nxb2
37.Kf1 Kc7 38.Ke2 Na4  1-0